|
|
|
|
| LEADER |
01104nam a2200289 a 4500 |
| 001 |
15953016 |
| 008 |
101227s2009 enka b 001 0 eng d |
| 999 |
|
|
|c 10256
|d 10256
|
| 010 |
|
|
|a 2009517074
|
| 020 |
|
|
|a 9780714150628 (hbk.)
|
| 020 |
|
|
|a 0714150622 (hbk.)
|
| 040 |
|
|
|a UKM
|c UKM
|d BTCTA
|d YDXCP
|d BWK
|d DLC
|d BD-DhAAL
|
| 082 |
0 |
4 |
|a 069.0942142
|2 22
|
| 100 |
1 |
|
|a Caygill, Marjorie.
|9 32530
|
| 245 |
1 |
0 |
|a Treasures of the British Museum /
|c Marjorie Caygill.
|
| 250 |
|
|
|a New ed.
|
| 260 |
|
|
|a London :
|b British Museum,
|c 2009.
|
| 300 |
|
|
|a 240 p. :
|b ill. (chiefly col.) ;
|c 29 cm.
|
| 500 |
|
|
|a Previous ed.: 1992.
|
| 504 |
|
|
|a Includes bibliographical references (p. 235-236) and index.
|
| 526 |
|
|
|a ARC
|
| 541 |
1 |
|
|e 00021633
|
| 610 |
2 |
0 |
|a British Museum
|x History.
|9 32531
|
| 610 |
2 |
0 |
|a British Museum
|v Catalogs.
|9 32532
|
| 852 |
4 |
|
|a Ayesha Abed Library
|c General Shelf.
|
| 942 |
0 |
0 |
|0 2
|2 ddc
|c BK
|
| 952 |
|
|
|0 0
|1 0
|2 ddc
|4 0
|6 069_094214200000000_CAY
|7 0
|9 13706
|a BRACUL
|b BRACUL
|c GEN
|d 2010-12-30
|e Zeenat Book Supply Ltd.
|g 3250.00
|l 4
|m 4
|o 069.0942142 CAY
|p 3010021633
|r 2017-09-24
|s 2017-06-21
|t 1
|w 2010-12-30
|y BK
|